Southville International School and Colleges
Your cart is empty.
  • Cart
  • Lists
    Public lists Eva Luna New books Lux_list list_1
    Your lists Log in to create your own lists
  • Log in to your account
  • Your cookies
  • Search history
Southville International School and Colleges
  • Advanced search
  • Recent comments
  • Most popular
  • Libraries

Log in to your account

Log in with GOOGLE


If you do not have an external account, but do have a local account, you can still log in:

  1. Home
  2. MARC view: Management :
Normal view MARC view ISBD view

Management : (Record no. 18011)

[ view plain ]
MARC details
000 -LEADER
fixed length control field 00589nam a22002057a 4500
003 - CONTROL NUMBER IDENTIFIER
control field OSt
005 - DATE AND TIME OF LATEST TRANSACTION
control field 20140310182956.0
008 - FIXED-LENGTH DATA ELEMENTS--GENERAL INFORMATION
fixed length control field 130207t xxu||||| |||| 00| 0 eng d
020 ## - INTERNATIONAL STANDARD BOOK NUMBER
International Standard Book Number 9717070695
050 ## - LIBRARY OF CONGRESS CALL NUMBER
Classification number HD 31
Item number .Z844 1999
100 ## - MAIN ENTRY--PERSONAL NAME
Personal name Zulueta, Francisco M.
245 ## - TITLE STATEMENT
Title Management :
Statement of responsibility, etc Francisco M. Zulueta, Greg Melchor Castro de Lara, Abriel M. Nebres
Remainder of title theories and practices /
260 ## - PUBLICATION, DISTRIBUTION, ETC. (IMPRINT)
Place of publication, distribution, etc Mandaluyong City :
Name of publisher, distributor, etc Academic Pub,
Date of publication, distribution, etc 1999.
300 ## - PHYSICAL DESCRIPTION
Extent 264 p. :
Dimensions 23 cm.
521 ## - TARGET AUDIENCE NOTE
Target audience note
650 ## - SUBJECT ADDED ENTRY--TOPICAL TERM
Topical term or geographic name as entry element management.
942 ## - ADDED ENTRY ELEMENTS (KOHA)
Source of classification or shelving scheme Library of Congress Classification
Koha item type Books
Call number prefix Local
Holdings
Withdrawn status Lost status Source of classification or shelving scheme Damaged status Home library Current library Shelving location Date acquired Total Checkouts Full call number Barcode Date last seen Date checked out Copy number Price effective from Koha item type
    Library of Congress Classification   College Library College Library General Circulation Section 12/09/2013 1 HD 31 .Z844 1999 C0120 05/15/2018 01/28/2016 1 12/09/2013 Books
    Library of Congress Classification   College Library College Library General Circulation Section 12/09/2013   HD 31 .Z844 1999 C0172 05/15/2018   2 12/09/2013 Books

Management :

APA

Zulueta F. M., . (1999). Management. Mandaluyong City: Academic Pub.

Chicago

Zulueta Francisco M, . 1999. Management. Mandaluyong City: Academic Pub.

Harvard

Zulueta F. M., . (1999). Management. Mandaluyong City: Academic Pub.

MLA

Zulueta Francisco M, . Management. Mandaluyong City: Academic Pub. 1999.

  • Place hold
  • Print
  • Cite
  • Add to your cart (remove)
  • Save record
    BIBTEX Dublin Core MARCXML MARC (non-Unicode/MARC-8) MARC (Unicode/UTF-8) MARC (Unicode/UTF-8, Standard) MODS (XML) RIS
  • More searches
    Search for this title in:
    Other Libraries (WorldCat) Other Databases (Google Scholar) Online Stores (Bookfinder.com) Open Library (openlibrary.org)

Exporting to Dublin Core...

SOUTHVILLE LIBRARY

Southville International School and Colleges Library

1281 Tropical Ave. Cor. Luxembourg St., BF Homes International, Las Pinas City

Tel. No. 8256374 / 252358 Loc. 117/146

Powered by Koha